[Event "Voronezh-ch"]
[Site "Voronezh"]
[Date "2013.03.12"]
[Round "1"]
[White "Leun, Victor"]
[Black "Terentiev, Vitaly G"]
[Result "0-1"]
[WhiteElo "1883"]
[BlackElo "2237"]
[PlyCount "82"]
[EventDate "2013.03.12"]
[EventType "swiss"]
[EventRounds "7"]
[EventCountry "RUS"]
[SourceTitle "CBM 153 Extra"]
[Source "ChessBase"]
[SourceDate "2013.04.22"]
[SourceVersion "1"]
[SourceVersionDate "2013.04.22"]
[SourceQuality "1"]

1. e4 c5 2. Nc3 g6 3. g3 Bg7 4. Bg2 Nc6 5. d3 d6 6. f4 Nf6 7. Nf3 Bg4 8. h3 Bxf3 9. Qxf3 Rb8 10. 0-0 0-0 11. Be3 Nd7 12. Rab1 b5 13. a3 a5 14. Ne2 Nd4 15. Nxd4 cxd4 16. Bd2 Qb6 17. Kh2 Rbc8 18. Rfc1 Rc7 19. c4 bxc4 20. dxc4 Rfc8 21. Bf1 a4 22. b4 axb3 23. Rxb3 Qc6 24. Bb4 Qa4 25. Bd2 Nc5 26. Rb4 Qc6 27. f5 Qxe4 28. Qxe4 Nxe4 29. Be1 gxf5 30. a4 Ra7 31. Bd3 e6 32. Ra1 Nc5 33. Bf1 Be5 34. a5 f4 35. Ra3 fxg3+ 36. Kg2 Kg7 37. Be2 f5 38. Bf3 Kf6 39. a6 Rxa6 40. Rxa6 Nxa6 41. Rb7 Rxc4 0-1

[Event "Voronezh Region-ch"]
[Site "Voronezh"]
[Date "2011.12.15"]
[Round "6"]
[White "Grishchenko, Vladimir"]
[Black "Terentiev, Vitaly G"]
[Result "1/2-1/2"]
[WhiteElo "2093"]
[BlackElo "2262"]
[PlyCount "43"]
[EventDate "2011.12.09"]
[EventType "swiss"]
[EventRounds "9"]
[EventCountry "RUS"]
[SourceTitle "CBM 146 Extra"]
[Source "ChessBase"]
[SourceDate "2012.02.29"]
[SourceVersion "1"]
[SourceVersionDate "2012.02.29"]
[SourceQuality "1"]

1. Nf3 d5 2. c4 c6 3. d4 Nf6 4. e3 g6 5. Nc3 Bg7 6. Bd3 0-0 7. 0-0 Bg4 8. h3 Bxf3 9. Qxf3 e6 10. Bd2 Nbd7 11. cxd5 exd5 12. b4 Nb6 13. b5 Qd6 14. Rfb1 Rab8 15. bxc6 bxc6 16. Bc1 Rfe8 17. Rb3 Qc7 18. Rab1 Nbd7 19. Rxb8 Rxb8 20. Rxb8+ Qxb8 21. Qd1 Qb6 22. Qb3 1/2-1/2

[Event "Voronezh Region-ch"]
[Site "Voronezh"]
[Date "2010.12.08"]
[Round "2"]
[White "Terentiev, Vitaly G"]
[Black "Aminov, Andrey"]
[Result "1/2-1/2"]
[WhiteElo "2267"]
[BlackElo "1943"]
[PlyCount "60"]
[EventDate "2010.12.07"]
[EventType "swiss"]
[EventRounds "9"]
[EventCountry "RUS"]
[SourceTitle "EXT 2013"]
[Source "ChessBase"]
[SourceDate "2012.11.22"]
[SourceVersion "1"]
[SourceVersionDate "2012.11.22"]
[SourceQuality "1"]

1. g3 Nf6 2. Bg2 e5 3. c4 Nc6 4. Nc3 Be7 5. Nf3 d5 6. cxd5 Nxd5 7. Nxe5 Nxc3 8. Nxc6 Nxd1 9. Nxd8 Nxf2 10. Nxf7 Nd3+ 11. exd3 Kxf7 12. b3 Bf6 13. 0-0 Rd8 14. Bb2 Rxd3 15. Rf2 Kg8 16. Bxf6 gxf6 17. Re1 Bg4 18. Re7 Rad8 19. Rxc7 Rxd2 20. Bxb7 Rxf2 21. Kxf2 Rd2+ 22. Ke3 Rxa2 23. Bd5+ Kh8 24. Rf7 h5 25. h4 a5 26. Ra7 Bd1 27. Kd4 Rd2+ 28. Kc5 Rb2 29. Rb7 Rc2+ 30. Kb6 Rd2 1/2-1/2

[Event "Voronezh Region-ch"]
[Site "Voronezh"]
[Date "2009.10.16"]
[Round "6"]
[White "Terentiev, Vitaly G"]
[Black "Morozov, Evgeny"]
[Result "1/2-1/2"]
[WhiteElo "2295"]
[BlackElo "2300"]
[PlyCount "45"]
[EventDate "2009.10.10"]
[EventType "swiss"]
[EventRounds "9"]
[EventCountry "RUS"]
[SourceTitle "EXT 2010"]
[Source "ChessBase"]
[SourceDate "2010.11.25"]
[SourceVersion "1"]
[SourceVersionDate "2010.11.25"]
[SourceQuality "1"]

1. Nf3 Nc6 2. c4 e5 3. g3 Nf6 4. Bg2 d5 5. cxd5 Nxd5 6. 0-0 Be7 7. d4 exd4 8. Nxd4 Nxd4 9. Qxd4 Nf6 10. Qa4+ c6 11. Nc3 0-0 12. h3 Be6 13. Be3 Nd7 14. Rad1 Qc8 15. Kh2 Nb6 16. Qe4 Re8 17. Bd4 Nd5 18. Qb1 Nxc3 19. Bxc3 a5 20. e4 Bb4 21. a3 Bxc3 22. bxc3 f6 23. Qb6 1/2-1/2

[Event "Voronezh Region-ch"]
[Site "Voronezh"]
[Date "2009.10.15"]
[Round "5"]
[White "Kornilov, Peter"]
[Black "Terentiev, Vitaly G"]
[Result "0-1"]
[WhiteElo "2073"]
[BlackElo "2295"]
[PlyCount "64"]
[EventDate "2009.10.10"]
[EventType "swiss"]
[EventRounds "9"]
[EventCountry "RUS"]
[SourceTitle "EXT 2010"]
[Source "ChessBase"]
[SourceDate "2010.11.25"]
[SourceVersion "1"]
[SourceVersionDate "2010.11.25"]
[SourceQuality "1"]

1. Nf3 g6 2. c4 Bg7 3. Nc3 e5 4. e4 Nc6 5. d3 d6 6. h3 Nge7 7. Nd5 0-0 8. Be2 h6 9. g4 Nxd5 10. cxd5 Ne7 11. g5 h5 12. h4 c6 13. dxc6 bxc6 14. Be3 Be6 15. Qa4 c5 16. b4 cxb4 17. Qxb4 Qd7 18. 0-0 Nc6 19. Qa3 d5 20. Rfc1 Rfc8 21. Kh2 dxe4 22. dxe4 Nd4 23. Bd1 Rc4 24. Rxc4 Bxc4 25. Ba4 Qe6 26. Bb3 Bxb3 27. axb3 Nc2 28. Qa6 Nxa1 29. Qxa1 a6 30. Qd1 Rb8 31. b4 Rxb4 32. Qd8+ Kh7 0-1

[Event "Tatarstan-ch op"]
[Site "Kazan"]
[Date "2009.08.24"]
[Round "5"]
[White "Terentiev, Vitaly G"]
[Black "Malygin, Alexander"]
[Result "1/2-1/2"]
[WhiteElo "1944"]
[BlackElo "2183"]
[PlyCount "32"]
[EventDate "2009.08.20"]
[EventType "swiss"]
[EventRounds "9"]
[EventCountry "RUS"]
[SourceTitle "EXT 2010"]
[Source "ChessBase"]
[SourceDate "2010.11.25"]
[SourceVersion "1"]
[SourceVersionDate "2010.11.25"]
[SourceQuality "1"]

1. d4 f5 2. c4 Nf6 3. Nc3 g6 4. h4 Bg7 5. h5 Nxh5 6. e4 fxe4 7. Rxh5 gxh5 8. Qxh5+ Kf8 9. Bh6 Bxh6 10. Qxh6+ Kf7 11. Qh5+ Kg7 12. Qg5+ Kf7 13. Be2 Rg8 14. Qf5+ Kg7 15. Qe5+ Kf8 16. Qf5+ Kg7 1/2-1/2

[Event "Voronezh op-A 13th"]
[Site "Voronezh"]
[Date "2009.06.17"]
[Round "6"]
[White "Slugin, Sergey"]
[Black "Terentiev, Vitaly G"]
[Result "1-0"]
[WhiteElo "2439"]
[BlackElo "2301"]
[PlyCount "55"]
[EventDate "2009.06.12"]
[EventType "swiss"]
[EventRounds "9"]
[EventCountry "RUS"]
[SourceTitle "CBM 130 Extra"]
[Source "ChessBase"]
[SourceDate "2009.07.02"]
[SourceVersion "2"]
[SourceVersionDate "2009.07.15"]
[SourceQuality "1"]

1. Nf3 d5 2. d4 Nf6 3. c4 e6 4. g3 Bb4+ 5. Bd2 Bxd2+ 6. Nbxd2 0-0 7. Bg2 Nbd7 8. 0-0 c6 9. Qc2 b6 10. Rfd1 Bb7 11. e4 Qe7 12. cxd5 cxd5 13. e5 Ne8 14. Rac1 Nb8 15. Nf1 Nc6 16. h4 Rc8 17. Ng5 g6 18. Qd2 Ng7 19. Ne3 h6 20. Ng4 Nf5 21. Nf6+ Kg7 22. Nf3 h5 23. Bh3 Rh8 24. Bxf5 exf5 25. Nxd5 Qe6 26. Nf4 Qxa2 27. d5 Ne7 28. Ra1 1-0

[Event "RUS-ch Seniors"]
[Site "Odintsovo"]
[Date "2008.10.09"]
[Round "7"]
[White "Terentiev, Vitaly G"]
[Black "Ostrovsky, Alexander"]
[Result "1/2-1/2"]
[WhiteElo "2287"]
[BlackElo "2376"]
[PlyCount "21"]
[EventDate "2008.10.02"]
[EventType "swiss"]
[EventRounds "9"]
[EventCountry "RUS"]
[SourceTitle "CBM 127 Extra"]
[Source "ChessBase"]
[SourceDate "2009.01.08"]
[SourceVersion "2"]
[SourceVersionDate "2009.01.28"]
[SourceQuality "1"]

1. c4 c5 2. Nc3 Nc6 3. g3 g6 4. Bg2 Bg7 5. a3 d6 6. d3 Nf6 7. e4 0-0 8. Nge2 e5 9. 0-0 Ne8 10. Rb1 a5 11. Nd5 1/2-1/2

[Event "Tatarstan-ch op"]
[Site "Kazan"]
[Date "2008.08.27"]
[Round "7"]
[White "Terentiev, Vitaly G"]
[Black "Vasilov, Artur"]
[Result "1/2-1/2"]
[WhiteElo "2300"]
[BlackElo "2187"]
[PlyCount "36"]
[EventDate "2008.08.21"]
[EventType "swiss"]
[EventRounds "9"]
[EventCountry "RUS"]
[SourceTitle "EXT 2010"]
[Source "ChessBase"]
[SourceDate "2010.11.25"]
[SourceVersion "1"]
[SourceVersionDate "2010.11.25"]
[SourceQuality "1"]

1. d4 e6 2. Nf3 Nf6 3. Bf4 c5 4. e3 b6 5. Nbd2 Bb7 6. c3 Be7 7. Bd3 0-0 8. 0-0 Nd5 9. Bxb8 Rxb8 10. a3 f5 11. Re1 Qc7 12. g3 Nf6 13. e4 c4 14. Bc2 fxe4 15. Nxe4 Bd5 16. Nxf6+ Bxf6 17. Be4 Qb7 18. Qc2 Bxe4 1/2-1/2

[Event "Tatarstan-ch op"]
[Site "Kazan"]
[Date "2008.08.24"]
[Round "4"]
[White "Akhmadeev, Vadim"]
[Black "Terentiev, Vitaly G"]
[Result "1-0"]
[WhiteElo "2397"]
[BlackElo "2300"]
[PlyCount "131"]
[EventDate "2008.08.21"]
[EventType "swiss"]
[EventRounds "9"]
[EventCountry "RUS"]
[SourceTitle "EXT 2010"]
[Source "ChessBase"]
[SourceDate "2010.11.25"]
[SourceVersion "1"]
[SourceVersionDate "2010.11.25"]
[SourceQuality "1"]

1. d4 g6 2. c4 Bg7 3. Nc3 d6 4. e4 Nf6 5. f3 0-0 6. Be3 Nc6 7. Qd2 a6 8. Nge2 Rb8 9. Nc1 e5 10. d5 Nd4 11. N1e2 Nxe2 12. Bxe2 Nd7 13. 0-0-0 b6 14. g4 Nc5 15. b4 Nd7 16. h4 Re8 17. h5 Nf8 18. Kb2 Bf6 19. g5 Bg7 20. Rh2 Re7 21. Rdh1 Bh8 22. Ka1 Qe8 23. Bf1 Ra8 24. Kb1 Rb8 25. a3 Bd7 26. Ka2 Ra8 27. Kb3 Rb8 28. Rh4 Qc8 29. Kb2 Qe8 30. Be2 Qc8 31. Bd1 Qe8 32. Bb3 Rb7 33. Ka2 Qd8 34. c5 Rb8 35. c6 Bc8 36. Bc4 Ra8 37. R4h2 Qe8 38. Kb2 Qd8 39. Bf1 Bg7 40. a4 Qe8 41. Ka3 Bh8 42. Kb2 Bg7 43. b5 a5 44. Ka3 Bh8 45. Bg2 Rb8 46. Qf2 Qd8 47. Qh4 Qe8 48. Nd1 Qd8 49. Nc3 Qe8 50. Kb3 Qd8 51. Kc2 Qe8 52. Kd2 Qd8 53. Ke2 Qe8 54. Nd1 Qd8 55. Nf2 Qe8 56. Qg3 Qd8 57. Bh3 Bxh3 58. Rxh3 Bg7 59. Ng4 Re8 60. Qh4 Qe7 61. Nf6+ Bxf6 62. gxf6 Qd8 63. Bh6 Rc8 64. Bxf8 Kxf8 65. hxg6 fxg6 66. Qh6+ 1-0

[Event "Tatarstan-ch op"]
[Site "Kazan"]
[Date "2008.08.21"]
[Round "1"]
[White "Sabaev, Evgueni"]
[Black "Terentiev, Vitaly G"]
[Result "1/2-1/2"]
[WhiteElo "2248"]
[BlackElo "2300"]
[PlyCount "74"]
[EventDate "2008.08.21"]
[EventType "swiss"]
[EventRounds "9"]
[EventCountry "RUS"]
[SourceTitle "EXT 2010"]
[Source "ChessBase"]
[SourceDate "2010.11.25"]
[SourceVersion "1"]
[SourceVersionDate "2010.11.25"]
[SourceQuality "1"]

1. e4 e5 2. Nf3 Nf6 3. Nxe5 d6 4. Nf3 Nxe4 5. Nc3 Nxc3 6. dxc3 Be7 7. Bf4 Nc6 8. Qd2 Bg4 9. Be2 Qd7 10. h3 Be6 11. 0-0-0 0-0-0 12. Kb1 a6 13. Nd4 Bf6 14. Nxe6 fxe6 15. Rhe1 Rde8 16. Bg4 h5 17. Bf3 e5 18. Bg5 Kb8 19. h4 Nd8 20. Qe2 Bxg5 21. hxg5 Qf5 22. Bxh5 Ref8 23. Bf3 Qxg5 24. c4 Ne6 25. c3 Nf4 26. Qd2 Qf5+ 27. Be4 Qc8 28. Re3 Ne6 29. Rg3 Nc5 30. Bc2 Ne6 31. Rg1 Rf6 32. f3 Qf8 33. Be4 Nc5 34. Bc2 Ne6 35. b4 Rfh6 36. Kb2 g5 37. Rg4 Qf6 1/2-1/2

[Event "Voronezh op-A"]
[Site "Voronezh"]
[Date "2008.06.19"]
[Round "7"]
[White "Alavkin, Arseny Nailievich"]
[Black "Terentiev, Vitaly G"]
[Result "1-0"]
[WhiteElo "2439"]
[BlackElo "2300"]
[PlyCount "77"]
[EventDate "2008.06.12"]
[EventType "swiss"]
[EventRounds "9"]
[EventCountry "RUS"]
[SourceTitle "CBM 125 Extra"]
[Source "ChessBase"]
[SourceDate "2008.09.01"]
[SourceVersion "1"]
[SourceVersionDate "2008.09.01"]
[SourceQuality "1"]

1. e4 c5 2. Nf3 e6 3. d4 cxd4 4. Nxd4 Nc6 5. Nc3 Qc7 6. a3 a6 7. g3 Nf6 8. Bg2 Be7 9. 0-0 0-0 10. Kh1 d6 11. f4 Nxd4 12. Qxd4 Bd7 13. Be3 Bc6 14. Rad1 Rad8 15. f5 e5 16. Qd3 b5 17. Bg5 Rfe8 18. Qe2 Rc8 19. Bh4 h6 20. Rd2 Nh7 21. Qg4 Bf6 22. Rfd1 Red8 23. Bxf6 Nxf6 24. Qe2 Bb7 25. g4 Qc4 26. Rd3 b4 27. axb4 Qxb4 28. h4 Rc4 29. Re3 Nh7 30. Na2 Qc5 31. c3 Qc7 32. Nb4 a5 33. Nd3 Ba6 34. Qd2 Qe7 35. Rh3 Bb7 36. Nf2 f6 37. Bf1 Rc5 38. Rd3 Ba6 39. Rd5 1-0